Statistics for Ohio Cities

Click here to take the quiz!

General Stats

  • This quiz has been taken 32 times
  • The average score is 6 of 8

Answer Stats

HintAnswer% Correct
860,090Columbus
100%
298,800Cincinnati
93%
385,809Cleveland
87%
278,508Toledo
87%
197,633Akron
87%
140,489Dayton
60%
71,323Canton
40%
79,425Parma
13%

Score Distribution

Percentile by Number Answered

Percent of People with Each Score

Your Score History

You have not taken this quiz